| 000 | 00680cam a22002413a 4500 | ||
|---|---|---|---|
| 001 | 17717 | ||
| 003 | PGUSA | ||
| 005 | 20140828083358.0 | ||
| 008 | 060208s2006||||xxu|||||s|||||000 1 eng d | ||
| 040 |
_aPGUSA _beng |
||
| 042 | _adc | ||
| 050 | 4 | _aPQ | |
| 100 | 1 |
_aCorbière, Edouard, _d1793-1875 |
|
| 245 | 1 | 0 |
_aLe Négrier, Vol. IV : _bAventures de mer _h[electronic resource] / _cEdouard Corbière |
| 260 |
_bProject Gutenberg, _c2006 |
||
| 506 | _aPublic domain in the USA. | ||
| 516 | _aElectronic text | ||
| 653 | _aPirates -- Fiction | ||
| 653 | _aSea stories | ||
| 830 | 0 |
_aProject Gutenberg _v17717 |
|
| 856 | 4 | 0 | _uhttp://www.gutenberg.org/ebooks/17717 |
| 942 | _cEB | ||
| 999 |
_c246972 _d246972 |
||